[Event "Aktobe Dvorkovich op-B"]
[Site "Aktobe"]
[Date "2025.06.30"]
[Round "9"]
[White "Nugumanov, Bakhtiyar"]
[Black "Askarov, Bakhtiyar"]
[Result "1-0"]
[WhiteElo "2305"]
[BlackElo "2297"]
[PlyCount "95"]
[EventDate "2025.06.22"]
[EventType "swiss"]
[EventRounds "9"]
[EventCountry "KAZ"]
[SourceTitle "CB27_2025"]
[SourceDate "2025.07.02"]
[SourceVersion "1"]
[SourceVersionDate "2025.07.02"]
[SourceQuality "1"]

1. d4 Nf6 2. Nf3 c5 3. d5 b5 4. c4 b4 5. Nbd2 g6 6. e4 Bg7 7. Bd3 0-0 8. 0-0 d6 9. h3 a5 10. Re1 e5 11. dxe6 Bxe6 12. Nf1 Nc6 13. Bf4 Nh5 14. Bg5 Bf6 15. Bc1 Ne5 16. Ne3 Nf4 17. Bf1 Bg7 18. Rb1 a4 19. Nxe5 Bxe5 20. Ng4 Bxg4 21. hxg4 Ne6 22. g3 Bd4 23. Kg2 Re8 24. f4 Ra7 25. g5 f6 26. gxf6 Qxf6 27. Bd3 g5 28. Qh5 Rf8 29. e5 dxe5 30. Rh1 Qe7 31. Qf3 Qf6 32. f5 Kh8 33. Be4 g4 34. Qxg4 Rg8 35. Qh4 Ng5 36. Bd2 Nxe4 37. Qxe4 Rag7 38. Rh3 Rg4 39. Rbh1 Qf7 40. Qc6 R8g7 41. f6 Rxg3+ 42. Rxg3 Rxg3+ 43. Kxg3 Qg6+ 44. Kh2 Qh5+ 45. Kg3 Qg6+ 46. Kf3 Qd3+ 47. Kg4 Qe2+ 48. Qf3 1-0

[Event "Titled Tuesday intern op 06th May Early"]
[Site "Chess.com INT"]
[Date "2025.05.06"]
[Round "4"]
[White "Cordoba Roa, Angel Gabriel"]
[Black "Nugumanov, Bakhtiyar"]
[Result "1-0"]
[WhiteElo "2394"]
[BlackElo "2305"]
[PlyCount "89"]
[EventDate "2025.05.06"]
[EventType "swiss (blitz)"]
[EventRounds "11"]
[EventCountry "USA"]
[SourceTitle "CB20_2025"]
[SourceDate "2025.05.14"]
[SourceVersion "1"]
[SourceVersionDate "2025.05.14"]
[SourceQuality "1"]

1. e4 e5 2. Nf3 Nc6 3. Bc4 Nf6 4. d3 Bc5 5. Nc3 d6 6. Bg5 h6 7. Bxf6 Qxf6 8. Nd5 Qd8 9. c3 Ne7 10. d4 exd4 11. cxd4 Nxd5 12. dxc5 Nf6 13. 0-0 0-0 14. cxd6 cxd6 15. Qd4 Bg4 16. Nd2 Qe7 17. f3 Be6 18. Rfe1 Rfd8 19. Rad1 Nd7 20. Bxe6 Qxe6 21. Nc4 Ne5 22. Nxd6 Nc6 23. Qd5 Qxd5 24. Rxd5 Nb4 25. Rd2 Nxa2 26. Red1 b6 27. Nf5 Rxd2 28. Rxd2 Nb4 29. Rd7 Nc6 30. Rc7 Ne5 31. h4 a5 32. Rb7 Ra6 33. Ne7+ Kh7 34. Nd5 a4 35. Rxb6 Ra5 36. Kf2 Rc5 37. Kg3 Rc2 38. Ra6 Nd3 39. Rxa4 Ne1 40. Ne3 Rxb2 41. e5 Re2 42. Re4 Nd3 43. e6 fxe6 44. Rxe6 Ne1 45. Re4 1-0

[Event "Titled Tuesday intern op 25th Mar Early"]
[Site "Chess.com INT"]
[Date "2025.03.25"]
[Round "11"]
[White "Ishvi, Aggarwal"]
[Black "Nugumanov, Bakhtiyar"]
[Result "1-0"]
[WhiteElo "1954"]
[BlackElo "2299"]
[PlyCount "71"]
[EventDate "2025.03.25"]
[EventType "swiss (blitz)"]
[EventRounds "11"]
[EventCountry "USA"]
[SourceTitle "CB14_2025"]
[SourceDate "2024.11.01"]
[SourceVersion "1"]
[SourceVersionDate "2024.11.01"]
[SourceQuality "1"]

1. c4 Nf6 2. d4 e6 3. Nc3 d5 4. cxd5 exd5 5. Bg5 Nbd7 6. Qc2 h6 7. Bh4 Be7 8. e3 0-0 9. Bd3 c5 10. dxc5 Nxc5 11. Be2 g6 12. Nf3 Bf5 13. Qd1 Nce4 14. Nd4 Nxc3 15. bxc3 Bd7 16. 0-0 Ne4 17. Bxe7 Qxe7 18. Qb3 Qc5 19. c4 Nd2 20. Qxb7 Nxf1 21. Qxd7 Nd2 22. Qxd5 Qxd5 23. cxd5 Ne4 24. f3 Nd6 25. e4 Rfc8 26. Nc6 Kf8 27. Ba6 Rc7 28. Kf2 Nc8 29. Rb1 Ne7 30. Bb7 Nxc6 31. Bxa8 Ne5 32. Bc6 Ke7 33. Rb7 Rxb7 34. Bxb7 Kd6 35. Ba6 Nd3+ 36. Bxd3 1-0

[Event "Titled Tuesday intern op 25th Mar Early"]
[Site "Chess.com INT"]
[Date "2025.03.25"]
[Round "7"]
[White "Nugumanov, Bakhtiyar"]
[Black "Carafizi, Vasilii"]
[Result "0-1"]
[WhiteElo "2299"]
[BlackElo "2155"]
[PlyCount "104"]
[EventDate "2025.03.25"]
[EventType "swiss (blitz)"]
[EventRounds "11"]
[EventCountry "USA"]
[SourceTitle "CB14_2025"]
[SourceDate "2024.11.01"]
[SourceVersion "1"]
[SourceVersionDate "2024.11.01"]
[SourceQuality "1"]

1. e4 c5 2. Nf3 Nc6 3. d4 cxd4 4. Nxd4 Nf6 5. Nc3 d6 6. Bg5 a6 7. f4 Qc7 8. Qd2 Bd7 9. 0-0-0 h6 10. Bh4 g5 11. fxg5 hxg5 12. Bxg5 Bg7 13. Bxf6 Bxf6 14. Nd5 Qa5 15. Nxf6+ exf6 16. Nxc6 Qxa2 17. Qd5 Qxd5 18. exd5 bxc6 19. dxc6 Bxc6 20. Rxd6 Rc8 21. Bxa6 Rc7 22. Rxc6 Rxc6 23. Bb5 Kd7 24. Rf1 Rh6 25. Rf3 Kc7 26. Bxc6 Kxc6 27. h3 Rg6 28. g4 Kd5 29. Kd2 Ke4 30. Rb3 f5 31. gxf5 Kxf5 32. Rb4 Rg2+ 33. Kc1 Rh2 34. h4 Ke5 35. b3 f5 36. Rb5+ Ke4 37. Kb2 f4 38. Rb4+ Ke3 39. Rb8 Rxh4 40. Re8+ Kd2 41. b4 f3 42. Kb3 Rf4 43. Rd8+ Ke2 44. Re8+ Kd2 45. Rd8+ Kc1 46. Rh8 f2 47. Rh1+ f1Q 48. Rxf1+ Rxf1 49. c4 Kd2 50. c5 Kd3 51. b5 Rb1+ 52. Ka4 Kc4 0-1

[Event "Titled Tuesday intern op 25th Mar Early"]
[Site "Chess.com INT"]
[Date "2025.03.25"]
[Round "6"]
[White "Tuguldur, Soninbayar"]
[Black "Nugumanov, Bakhtiyar"]
[Result "1-0"]
[WhiteElo "2088"]
[BlackElo "2299"]
[PlyCount "75"]
[EventDate "2025.03.25"]
[EventType "swiss (blitz)"]
[EventRounds "11"]
[EventCountry "USA"]
[SourceTitle "CB14_2025"]
[SourceDate "2024.11.01"]
[SourceVersion "1"]
[SourceVersionDate "2024.11.01"]
[SourceQuality "1"]

1. d4 Nf6 2. Bf4 d5 3. e3 c5 4. dxc5 Nc6 5. Bb5 Bd7 6. Nf3 Qa5+ 7. Nc3 Ne4 8. Bxc6 Bxc6 9. Qd4 Nxc5 10. b4 Qa3 11. bxc5 e6 12. Bd6 Bxd6 13. cxd6 Qxd6 14. Qxg7 0-0-0 15. 0-0 Rhg8 16. Qe5 d4 17. Qxd6 Rxd6 18. Nxd4 Bxg2 19. f4 Bh3+ 20. Kf2 Rg2+ 21. Kf3 Rd2 22. Rg1 Rxh2 23. Rg8+ Kd7 24. Rb1 b6 25. Rg7 Ke7 26. Rb5 h5 27. Rxh5 Bg2+ 28. Kg4 Rxh5 29. Kxh5 Bb7 30. Kg4 Rd7 31. Rh7 Rc7 32. Ncb5 Rc5 33. Nxa7 Rc3 34. Rh3 Be4 35. Nab5 Rc4 36. Rh8 Ra4 37. Rb8 Rxa2 38. Rxb6 1-0

[Event "Titled Tuesday intern op 11th Feb Early"]
[Site "Chess.com INT"]
[Date "2025.02.11"]
[Round "8"]
[White "Lai, Duc Minh1"]
[Black "Nugumanov, Bakhtiyar"]
[Result "1-0"]
[WhiteElo "2073"]
[BlackElo "2299"]
[PlyCount "57"]
[EventDate "2025.02.11"]
[EventType "swiss (blitz)"]
[EventRounds "11"]
[EventCountry "USA"]
[SourceTitle "CB09_2025"]
[SourceDate "2025.02.27"]
[SourceVersion "1"]
[SourceVersionDate "2025.02.27"]
[SourceQuality "1"]

1. d4 Nf6 2. Bf4 d5 3. Nc3 e6 4. Nb5 Na6 5. e3 c6 6. Nc3 Bd6 7. Bxa6 bxa6 8. Nf3 a5 9. 0-0 0-0 10. Bxd6 Qxd6 11. Na4 Ba6 12. Re1 Nd7 13. Nd2 Rab8 14. Nb3 Bc8 15. Nxa5 Qb4 16. Nxc6 Qxa4 17. Nxb8 Nxb8 18. c3 Qc6 19. Rc1 Ba6 20. b3 Nd7 21. Qd2 Rc8 22. f3 Bb5 23. e4 a5 24. c4 dxc4 25. Qxa5 c3 26. a4 Ba6 27. d5 Qc5+ 28. Qxc5 Nxc5 29. Rxc3 1-0

[Event "Titled Tuesday intern op 11th Feb Early"]
[Site "Chess.com INT"]
[Date "2025.02.11"]
[Round "4"]
[White "Nugumanov, Bakhtiyar"]
[Black "Deveci, Huseyin Said"]
[Result "1-0"]
[WhiteElo "2299"]
[BlackElo "2225"]
[PlyCount "63"]
[EventDate "2025.02.11"]
[EventType "swiss (blitz)"]
[EventRounds "11"]
[EventCountry "USA"]
[SourceTitle "CB09_2025"]
[SourceDate "2025.02.27"]
[SourceVersion "1"]
[SourceVersionDate "2025.02.27"]
[SourceQuality "1"]

1. e4 c5 2. Nf3 Nc6 3. d4 cxd4 4. Nxd4 Nf6 5. Nc3 d6 6. Bc4 a6 7. Nxc6 bxc6 8. e5 Ng8 9. 0-0 d5 10. Nxd5 cxd5 11. Bxd5 Bd7 12. Qf3 e6 13. Bxa8 Ne7 14. Bg5 Qc7 15. Rfd1 h6 16. Rxd7 Kxd7 17. Rd1+ Ke8 18. Bc6+ Qxc6 19. Rd8+ Kxd8 20. Qxc6 hxg5 21. Qxa6 Nd5 22. c4 Nc7 23. Qb6 Rh4 24. b3 Kd7 25. g3 Re4 26. a4 Rxe5 27. a5 Bc5 28. Qb7 Re2 29. b4 Rb2 30. b5 Bxf2+ 31. Kf1 e5 32. b6 1-0

[Event "Titled Tuesday intern op 11th Feb Early"]
[Site "Chess.com INT"]
[Date "2025.02.11"]
[Round "2"]
[White "Nugumanov, Bakhtiyar"]
[Black "Martin Fuentes, Alberto"]
[Result "0-1"]
[WhiteElo "2299"]
[BlackElo "2378"]
[PlyCount "88"]
[EventDate "2025.02.11"]
[EventType "swiss (blitz)"]
[EventRounds "11"]
[EventCountry "USA"]
[SourceTitle "CB09_2025"]
[SourceDate "2025.02.27"]
[SourceVersion "1"]
[SourceVersionDate "2025.02.27"]
[SourceQuality "1"]

1. e4 e6 2. d4 d5 3. Nc3 Bb4 4. Nge2 dxe4 5. a3 Bxc3+ 6. Nxc3 Nc6 7. Bb5 Nge7 8. Nxe4 Qd5 9. Bd3 Nxd4 10. 0-0 0-0 11. Bh6 Ndf5 12. Bf4 c5 13. Qg4 Ng6 14. Bd2 Kh8 15. Bc3 e5 16. Ng5 Nh6 17. Qg3 f6 18. Nxh7 Nf4 19. Nxf8 Qxd3 20. cxd3 Ne2+ 21. Kh1 Nxg3+ 22. fxg3 Bf5 23. Rxf5 Nxf5 24. Ne6 b6 25. g4 Ne3 26. g5 Re8 27. Nc7 Rd8 28. gxf6 gxf6 29. h3 Rd7 30. Ne6 Rd6 31. Nf8 Kg7 32. Re1 Nd5 33. Rxe5 Nxc3 34. Re6 Rxd3 35. bxc3 Kxf8 36. Rxf6+ Ke7 37. Rh6 Rxc3 38. Rh7+ Ke6 39. Rxa7 Rb3 40. Ra6 c4 41. a4 c3 42. a5 c2 43. axb6 c1Q+ 44. Kh2 Qf4+ 0-1

[Event "KAZ-ch"]
[Site "Astana"]
[Date "2024.12.11"]
[Round "13"]
[White "Makhnev, Denis"]
[Black "Nugumanov, Bakhtiyar"]
[Result "1/2-1/2"]
[WhiteElo "2536"]
[BlackElo "2284"]
[PlyCount "21"]
[EventDate "2024.12.01"]
[EventType "tourn"]
[EventRounds "13"]
[EventCountry "KAZ"]
[EventCategory "6"]
[SourceTitle "CB51_2024"]
[SourceDate "2024.12.18"]
[SourceVersion "1"]
[SourceVersionDate "2024.12.18"]
[SourceQuality "1"]

1. Nf3 e6 2. g3 b5 3. Bg2 Bb7 4. 0-0 Nf6 5. d3 c5 6. e4 d6 7. Nbd2 Be7 8. a4 a6 9. Re1 Nbd7 10. Ng5 Rb8 11. axb5 1/2-1/2

[Event "KAZ-ch"]
[Site "Astana"]
[Date "2024.12.06"]
[Round "7"]
[White "Nugumanov, Bakhtiyar"]
[Black "Ansat, Aldiyar"]
[Result "0-1"]
[WhiteElo "2284"]
[BlackElo "2479"]
[PlyCount "82"]
[EventDate "2024.12.01"]
[EventType "tourn"]
[EventRounds "13"]
[EventCountry "KAZ"]
[EventCategory "6"]
[SourceTitle "CB51_2024"]
[SourceDate "2024.12.18"]
[SourceVersion "1"]
[SourceVersionDate "2024.12.18"]
[SourceQuality "1"]

1. d4 Nf6 2. Bf4 e6 3. e3 d5 4. Nd2 c5 5. c3 Nc6 6. Ngf3 Bd6 7. Bg3 0-0 8. Bd3 cxd4 9. exd4 b6 10. 0-0 Bxg3 11. hxg3 Bb7 12. Re1 h6 13. a4 Re8 14. Ne5 Nxe5 15. dxe5 Nd7 16. Nf3 Nc5 17. Nd4 Qg5 18. a5 bxa5 19. Rxa5 Ne4 20. Qc1 Qd8 21. Qa1 a6 22. b4 Rc8 23. c4 Nxf2 24. Kxf2 dxc4 25. Be4 c3 26. Nb3 Bxe4 27. Rxe4 Qd3 28. Re2 Red8 29. Nc5 Qf5+ 30. Kg1 Qg4 31. Raa2 Qxb4 32. Nxa6 Qg4 33. Rac2 Rd3 34. Re1 Qxg3 35. Nb4 Rd2 36. Re2 Rxe2 37. Rxe2 Qg4 38. Qa6 Rd8 39. Nc2 Rd2 40. Kf2 Qf5+ 41. Kg1 Qxc2 0-1

[Event "Titled Tuesday intern op 26th Nov Late"]
[Site "Chess.com INT"]
[Date "2024.11.26"]
[Round "1"]
[White "Nugumanov, Bakhtiyar"]
[Black "Ghevondyan, Arman"]
[Result "1-0"]
[WhiteElo "2284"]
[BlackElo "2216"]
[PlyCount "75"]
[EventDate "2024.11.26"]
[EventType "swiss (blitz)"]
[EventRounds "11"]
[EventCountry "USA"]
[SourceTitle "CB49_2024"]
[SourceDate "2024.12.04"]
[SourceVersion "1"]
[SourceVersionDate "2024.12.04"]
[SourceQuality "1"]

1. e4 c5 2. Nf3 Nc6 3. d4 cxd4 4. Nxd4 g6 5. Nc3 Bg7 6. Be3 Nf6 7. Bc4 0-0 8. Bb3 a5 9. 0-0 a4 10. Bc4 a3 11. b3 Qa5 12. Nxc6 bxc6 13. Bd2 Qc7 14. f4 d5 15. exd5 Rd8 16. Qf3 Bg4 17. Qg3 cxd5 18. Bd3 Be6 19. Nb5 Qb6+ 20. Be3 d4 21. Bd2 Rd5 22. f5 Nh5 23. Qf3 gxf5 24. Qxh5 Rxb5 25. Bxb5 d3+ 26. Kh1 Qxb5 27. c4 Qc6 28. Rae1 Ra6 29. h3 Qd6 30. Qf3 Bf6 31. Bf4 Qd4 32. Rd1 Qb2 33. Rf2 Qd4 34. Rxd3 Qb6 35. Be3 Qc7 36. Rfd2 Rd6 37. Bf4 Rd4 38. Bxc7 1-0